[Event "III Trofeo Giovanni Pico"]
[Site "Mirandola ITA"]
[Date "2010.01.16"]
[Round "3"]
[White "Guzzetti, Luigi Enrico"]
[Black "De Simone Sorrentino, Fabio"]
[Result "1/2-1/2"]
[WhiteElo "1887"]
[BlackElo "1714"]
[PlyCount "128"]
[EventDate "2010.01.15"]

1. e4 e6 2. d4 d5 3. e5 c5 4. c3 Qb6 5. Nf3 Nc6 6. a3 c4 7. Be2 Na5 8. Nbd2 Ne7
9. O-O Ng6 10. g3 Bd7 11. h4 Ne7 12. Ng5 h6 13. Nh3 O-O-O 14. Bh5 g6 15. Bg4
Nf5 16. Bxf5 gxf5 17. Nf4 Be7 18. Rb1 Nb3 19. Nxb3 cxb3 20. Be3 Bb5 21. Re1 Bc4
22. Nh5 Rdg8 23. Kh2 Qd8 24. Nf4 Rg4 25. Rg1 Rhg8 26. Qd2 Bxh4 27. Nh3 Be7 28.
Bxh6 Re4 29. Be3 Reg4 30. Kg2 Rh8 31. Rh1 Rg7 32. Nf4 Rgh7 33. Rxh7 Rxh7 34.
Rh1 Rxh1 35. Kxh1 Qh8+ 36. Kg2 Qg8 37. Nh3 Qg4 38. f3 Qg8 39. Bg5 Bf8 40. Bf6
Qh7 41. Bg5 Bf1+ 42. Kxf1 Qxh3+ 43. Qg2 Qh5 44. Bc1 Bh6 45. Bxh6 Qxh6 46. Ke2
Qc1 47. Kd3 Qd1+ 48. Ke3 Kd7 49. g4 Qc1+ 50. Qd2 f4+ 51. Ke2 Qxd2+ 52. Kxd2 b5
53. Ke2 Kc6 54. Kd2 Kb6 55. Kd3 Ka5 56. Kd2 Ka4 57. Kd3 a5 58. Ke2 b4 59. axb4
axb4 60. cxb4 Kxb4 61. Kd3 Kb5 62. Kc3 Ka4 63. Kd2 Kb4 64. Kd3 Ka4 1/2-1/2

[Event "III Trofeo Giovanni Pico"]
[Site "Mirandola ITA"]
[Date "2010.01.16"]
[Round "3"]
[White "Lucchi, Lorenzo"]
[Black "Camerini, Lorenzo"]
[Result "0-1"]
[WhiteElo "2073"]
[BlackElo "2066"]
[PlyCount "88"]
[EventDate "2010.01.15"]

1. e4 c5 2. Nf3 d6 3. c3 Nf6 4. Bd3 Bg4 5. h3 Bxf3 6. Bb5+ Nbd7 7. Qxf3 Qb6 8.
Ba4 Qa6 9. Bc2 Rc8 10. Qe2 Qxe2+ 11. Kxe2 d5 12. d3 Nb6 13. Bg5 e6 14. Nd2 Be7
15. a4 Nfd7 16. Bf4 O-O 17. Rhe1 Nf6 18. Kf1 Rfd8 19. b3 Nh5 20. Bh2 dxe4 21.
Nxe4 Nd5 22. Be5 f6 23. Ng3 Nxg3+ 24. Bxg3 Kf7 25. d4 c4 26. Rac1 Ba3 27. bxc4
Nxc3 28. d5 Bxc1 29. dxe6+ Ke7 30. Rxc1 Rxc4 31. Bxh7 Rd1+ 32. Rxd1 Nxd1 33. f4
Rxa4 34. f5 Nc3 35. Be1 Nd5 36. g4 a5 37. Bd2 Ra2 38. Ke1 a4 39. Kd1 a3 40. Bc1
b5 41. g5 b4 42. h4 Nc3+ 43. Ke1 Re2+ 44. Kf1 a2 0-1

[Event "III Trofeo Giovanni Pico"]
[Site "Mirandola ITA"]
[Date "2010.01.16"]
[Round "3"]
[White "Luciani, Valerio"]
[Black "Andreolini, Mauro"]
[Result "1/2-1/2"]
[WhiteElo "2200"]
[BlackElo "2144"]
[PlyCount "86"]
[EventDate "2010.01.15"]

1. d4 Nf6 2. c4 c5 3. d5 e6 4. Nc3 exd5 5. cxd5 d6 6. e4 g6 7. Bd3 Bg7 8. Nge2
O-O 9. O-O Na6 10. f3 Nc7 11. Be3 Rb8 12. Rb1 Bd7 13. b4 b6 14. Qd2 Qe7 15. Bg5
Rfc8 16. Nd1 Bb5 17. Ne3 Qd7 18. Rfd1 Re8 19. Bxb5 Nxb5 20. bxc5 bxc5 21. Nc4
Nxe4 22. fxe4 Rxe4 23. Ne3 Rbe8 24. Qa5 h6 25. Ng3 Rb4 26. Rxb4 cxb4 27. Bf4 g5
28. Bxg5 hxg5 29. Nef5 Nc3 30. Rf1 Ne2+ 31. Nxe2 Rxe2 32. Qxb4 Qc7 33. Nxg7
Kxg7 34. Qd4+ Kg8 35. h4 Qe7 36. Qg4 Qe3+ 37. Kh1 Re1 38. Qf5 Rxf1+ 39. Qxf1
gxh4 40. Qa6 Qe1+ 41. Kh2 Qg3+ 42. Kh1 Qe1+ 43. Kh2 Qg3+ 1/2-1/2

[Event "III Trofeo Giovanni Pico"]
[Site "Mirandola ITA"]
[Date "2010.01.16"]
[Round "3"]
[White "Malfagia, Andrea"]
[Black "La Venia, Stefano"]
[Result "1-0"]
[WhiteElo "2286"]
[BlackElo "2056"]
[PlyCount "55"]
[EventDate "2010.01.15"]

1. d4 Nf6 2. c4 e6 3. Nc3 b6 4. e4 Bb4 5. Bd3 O-O 6. e5 Ne8 7. Qh5 f5 8. Nf3 g6
9. Qh3 Ba6 10. O-O d5 11. Ng5 Qe7 12. cxd5 Bxc3 13. bxc3 exd5 14. f4 Bxd3 15.
Ba3 c5 16. Qxd3 Nc7 17. c4 Rd8 18. dxc5 bxc5 19. cxd5 Rxd5 20. Qc4 h6 21. Rad1
Qd7 22. e6 Qc6 23. Rxd5 Nxd5 24. Rd1 Na6 25. Rxd5 hxg5 26. e7 Kh7 27. Rd8 Nc7
28. Qg8+ 1-0

[Event "III Trofeo Giovanni Pico"]
[Site "Mirandola ITA"]
[Date "2010.01.16"]
[Round "3"]
[White "Menini, Luca"]
[Black "Gaion, Giancarlo"]
[Result "1-0"]
[WhiteElo "1681"]
[BlackElo "1935"]
[PlyCount "59"]
[EventDate "2010.01.15"]

1. e4 e6 2. d4 d5 3. e5 c5 4. c3 Ne7 5. Bd3 Nec6 6. Nf3 Nd7 7. a3 Be7 8. O-O
O-O 9. b4 cxd4 10. cxd4 a6 11. Nbd2 b5 12. Qc2 Bb7 13. Bxh7+ Kh8 14. Bd3 Rc8
15. Qd1 g6 16. Nb3 Kg7 17. g3 Rh8 18. Kg2 a5 19. Bxb5 axb4 20. Bxc6 Bxc6 21.
axb4 Bb5 22. Re1 Bxb4 23. Bd2 Rc4 24. Bxb4 Rxb4 25. Nc5 Nxc5 26. dxc5 Qc7 27.
Qd2 Qxc5 28. Qg5 Rb2 29. Qf6+ Kg8 30. Ra8+ 1-0

[Event "III Trofeo Giovanni Pico"]
[Site "Mirandola ITA"]
[Date "2010.01.16"]
[Round "3"]
[White "Moi, Roberto"]
[Black "Paoli, Walter"]
[Result "1/2-1/2"]
[WhiteElo "1945"]
[BlackElo "2063"]
[PlyCount "102"]
[EventDate "2010.01.15"]

1. d4 Nf6 2. c4 g6 3. Nc3 d5 4. Nf3 Bg7 5. Qb3 dxc4 6. Qxc4 O-O 7. e4 a6 8. Bf4
b5 9. Qxc7 Qxc7 10. Bxc7 b4 11. Na4 Nbd7 12. Bd3 Bb7 13. O-O Nxe4 14. Rfe1 Nef6
15. Rxe7 Bc6 16. b3 Nd5 17. Rxd7 Bxd7 18. Bd6 Rfe8 19. Nc5 Bb5 20. Be4 Bc6 21.
Ne5 Rad8 22. Bc7 Nxc7 23. Nxc6 Bxd4 24. Nxd8 Bxa1 25. Nc6 Bc3 26. g4 Kg7 27.
Kg2 Ne6 28. Nxa6 Nd4 29. Nxd4 Bxd4 30. Kf3 Bc3 31. Nc7 Rd8 32. Nb5 Rd2 33. a4
Be5 34. h3 h5 35. Ke3 Ra2 36. Bb7 Kf6 37. Kd3 Rxf2 38. a5 hxg4 39. hxg4 Bb8 40.
a6 Ke5 41. a7 Bxa7 42. Nxa7 f5 43. gxf5 Kxf5 44. Be4+ Kf6 45. Nc6 g5 46. Nxb4
g4 47. Nd5+ Ke5 48. Ne3 Kf4 49. Nd5+ Ke5 50. Ne3 Kf4 51. Nd5+ Ke5 1/2-1/2

[Event "III Trofeo Giovanni Pico"]
[Site "Mirandola ITA"]
[Date "2010.01.16"]
[Round "3"]
[White "Necesito, Donald"]
[Black "Tazzioli, Luca"]
[Result "0-1"]
[WhiteElo "1440"]
[BlackElo "1503"]
[PlyCount "128"]
[EventDate "2010.01.15"]

1. e4 d5 2. exd5 Qxd5 3. Nc3 Qa5 4. d4 c6 5. Bc4 Nf6 6. Bd2 Qb6 7. Bb3 Qxd4 8.
Nge2 Qb6 9. Be3 Qc7 10. O-O Bf5 11. Ng3 Bg6 12. Qf3 e6 13. Rad1 Nbd7 14. Rfe1
O-O-O 15. Bf4 Qb6 16. Na4 Qa5 17. Bd2 Bb4 18. Bxb4 Qxb4 19. a3 Qg4 20. Qc3 Qg5
21. Qe3 Qxe3 22. Rxe3 h5 23. h3 h4 24. Ne2 Bh5 25. f3 g5 26. Red3 Bg6 27. R3d2
Ne5 28. Rxd8+ Rxd8 29. Rxd8+ Kxd8 30. Nac3 Nd5 31. Nxd5 cxd5 32. f4 Bh5 33. g4
hxg3 34. Nxg3 Nf3+ 35. Kf2 Nd2 36. Nxh5 Nxb3 37. cxb3 gxf4 38. Nxf4 Ke7 39. h4
Kf6 40. Ke3 Kf5 41. h5 Kg5 42. Kf3 b6 43. b4 b5 44. b3 a6 45. Nd3 Kxh5 46. Nc5
e5 47. Nxa6 e4+ 48. Ke3 Kg5 49. Nc7 Kf5 50. Nxd5 Ke5 51. a4 Kxd5 52. a5 f5 53.
Kf4 Kc6 54. Ke3 Kd5 55. Kf4 Kd4 56. a6 e3 57. a7 e2 58. a8=Q e1=Q 59. Qh8+ Kd3
60. Qh3+ Kd2 61. Qg2+ Qe2 62. Qd5+ Kc3 63. Qc5+ Kxb3 64. Kxf5 Qc2+ 0-1

[Event "III Trofeo Giovanni Pico"]
[Site "Mirandola ITA"]
[Date "2010.01.16"]
[Round "3"]
[White "Piccinini, Samuele"]
[Black "Carbone, Lorenzo"]
[Result "1-0"]
[WhiteElo "1900"]
[BlackElo "1751"]
[PlyCount "66"]
[EventDate "2010.01.15"]

1. d4 d5 2. c4 e6 3. Nc3 Nf6 4. Bg5 Be7 5. e3 b6 6. cxd5 exd5 7. Bb5+ c6 8. Ba4
O-O 9. Nf3 b5 10. Bc2 h6 11. Bh4 a5 12. Ne5 Bb7 13. Qd3 g5 14. Ng4 Nbd7 15.
Nxh6+ Kh8 16. Bxg5 b4 17. Ng4 Ne4 18. Nxe4 Ba6 19. Bxe7 Bxd3 20. Bxd8 Bxc2 21.
Bf6+ Kg8 22. Nc5 Nxc5 23. dxc5 Kh7 24. Bd4 Ba4 25. Nf6+ Kg6 26. g4 Rfb8 27. Nd7
Bb5 28. Nxb8 Rxb8 29. f4 Bd3 30. h4 Be4 31. Rh2 a4 32. b3 Ra8 33. bxa4 Rxa4 1-0

[Event "III Trofeo Giovanni Pico"]
[Site "Mirandola ITA"]
[Date "2010.01.16"]
[Round "3"]
[White "Pinna, Ferdinando"]
[Black "Ferraguti, Francesco"]
[Result "1-0"]
[WhiteElo "1852"]
[BlackElo "1658"]
[PlyCount "110"]
[EventDate "2010.01.15"]

1. e4 e5 2. Nf3 Nf6 3. Nxe5 d6 4. Nf3 Nxe4 5. d4 d5 6. Bd3 Be7 7. O-O O-O 8.
Re1 Nf6 9. h3 Nc6 10. c3 h6 11. Nbd2 Re8 12. Nf1 Be6 13. Ng3 Qd7 14. Qc2 Bd6
15. Ne5 Qc8 16. Bf4 Nd7 17. Nf5 Ndxe5 18. dxe5 Bf8 19. Re3 Ne7 20. Nd4 a6 21.
Nxe6 Qxe6 22. Rae1 c5 23. b3 b5 24. Qb1 Red8 25. R3e2 Rac8 26. Bd2 c4 27. Bc2
d4 28. cxd4 Rxd4 29. Bc3 Rdd8 30. Ba5 Rd4 31. Bc3 Rdd8 32. Bb4 g6 33. Ba5 Rd4
34. Qb2 Rd7 35. bxc4 bxc4 36. Ba4 Rd5 37. Bc3 Rdd8 38. Rd2 Rb8 39. Qc1 Nc6 40.
Rxd8 Rxd8 41. Qb2 Rb8 42. Qd2 Rd8 43. Qc1 Rc8 44. Bd1 Qe8 45. Qf4 Ne7 46. Bg4
Rc6 47. Bf3 Rc5 48. Bd4 Rc8 49. Rc1 g5 50. Qe4 Qb5 51. Bc3 Ng6 52. Bg4 Qc6 53.
Qxc6 Rxc6 54. Bd7 Rc5 55. Rd1 Nf4 1-0

[Event "III Trofeo Giovanni Pico"]
[Site "Mirandola ITA"]
[Date "2010.01.16"]
[Round "3"]
[White "Raisi, Michele"]
[Black "Proietti, Tosca"]
[Result "1/2-1/2"]
[WhiteElo "1501"]
[BlackElo "1816"]
[PlyCount "75"]
[EventDate "2010.01.15"]

1. e4 c5 2. Nf3 Nc6 3. d4 cxd4 4. Nxd4 e5 5. Nxc6 bxc6 6. Bc4 Nf6 7. Nc3 Be7 8.
O-O d6 9. Kh1 O-O 10. f4 exf4 11. Bxf4 Ng4 12. h3 Ne5 13. Bxe5 dxe5 14. Qd3 Qd4
15. Qxd4 exd4 16. Ne2 c5 17. Nf4 Rb8 18. Nd3 Bg5 19. Rab1 Be7 20. a3 Bb7 21.
Rbe1 Bh4 22. Re2 Bc8 23. c3 dxc3 24. bxc3 Be6 25. Bxe6 fxe6 26. Rxf8+ Kxf8 27.
Rb2 Rxb2 28. Nxb2 Ke7 29. c4 Kd6 30. Nd3 Bf6 31. g4 Bd4 32. Kg2 h6 33. Kf3 g5
34. Ke2 Kc6 35. Kd2 Kb6 36. Kc2 Ka5 37. Kb3 e5 38. Ne1 1/2-1/2

[Event "III Trofeo Giovanni Pico"]
[Site "Mirandola ITA"]
[Date "2010.01.16"]
[Round "3"]
[White "Santamato, Luigi"]
[Black "Buccella, Francescantonio"]
[Result "0-1"]
[WhiteElo "1563"]
[BlackElo "1614"]
[PlyCount "102"]
[EventDate "2010.01.15"]

1. e4 e5 2. Nf3 Nc6 3. Nc3 Nf6 4. g3 Bc5 5. Bg2 O-O 6. d3 h6 7. O-O a6 8. h3 d6
9. Be3 Ba7 10. Bxa7 Rxa7 11. Qd2 Be6 12. Kh2 Qc8 13. Nd1 Ne8 14. c3 f5 15. exf5
Bxf5 16. Nh4 Ne7 17. Qe3 Ra8 18. Nxf5 Nxf5 19. Qe4 c6 20. Ne3 Nxe3 21. fxe3 Nf6
22. Qh4 Qc7 23. Rf5 Rf7 24. g4 Raf8 25. Raf1 Qd7 26. Qe1 g6 27. R5f2 d5 28. Rd2
Qe6 29. d4 e4 30. Rdf2 Qd6+ 31. Kh1 Qg3 32. a4 Nxg4 33. hxg4 Rxf2 34. Rxf2 Rxf2
35. Qg1 Qh4+ 36. Qh2 Qxh2+ 37. Kxh2 Rxb2 38. Kg3 g5 39. Bf1 Ra2 40. c4 Rxa4 41.
cxd5 cxd5 42. Kf2 b5 43. Ke2 Kf7 44. Kd2 Ke6 45. Kc3 Kd6 46. Kb3 Kc6 47. Be2 a5
48. Kb2 Rb4+ 49. Kc3 Rb1 50. Kc2 Rh1 51. Kc3 Re1 0-1

[Event "III Trofeo Giovanni Pico"]
[Site "Mirandola ITA"]
[Date "2010.01.16"]
[Round "3"]
[White "Setti, Massimo"]
[Black "Balboni, Lamberto"]
[Result "0-1"]
[WhiteElo "1512"]
[BlackElo "1890"]
[PlyCount "94"]
[EventDate "2010.01.15"]

1. d4 d5 2. c4 e6 3. Nf3 Nf6 4. Nc3 Be7 5. e3 Nbd7 6. Bd3 dxc4 7. Bxc4 a6 8.
O-O O-O 9. Bb3 c5 10. Bc2 cxd4 11. exd4 Qa5 12. Qd3 Rd8 13. Ne4 Nf8 14. Bg5 Ng6
15. Bxf6 gxf6 16. Qe3 Kg7 17. Ng3 Bd7 18. h4 Bd6 19. a3 Bf4 20. Qc3 Qxc3 21.
bxc3 Bxg3 22. fxg3 Rac8 23. Be4 Bc6 24. Bxc6 Rxc6 25. Rfc1 Rdc8 26. Rab1 b5 27.
Rb3 Ne7 28. Nd2 Nf5 29. Ne4 Nxd4 30. Rb2 f5 31. Ng5 f6 32. Rd1 fxg5 33. Rxd4
Rxc3 34. a4 bxa4 35. Rd7+ Kg6 36. hxg5 a3 37. Ra2 Rb8 38. Rd6 Rb2 39. Rxe6+
Kxg5 40. Re2 Rxa2 41. Rxa2 Rxg3 42. Kh2 Kg4 43. Rc2 Rb3 44. Ra2 Kf4 45. Rf2+
Ke4 46. Ra2 Kd3 47. g3 Rb2+ 0-1

[Event "III Trofeo Giovanni Pico"]
[Site "Mirandola ITA"]
[Date "2010.01.16"]
[Round "3"]
[White "Setti, Roberto"]
[Black "Mantovani, Enrico"]
[Result "1-0"]
[WhiteElo "1786"]
[BlackElo "1806"]
[PlyCount "81"]
[EventDate "2010.01.15"]

1. c4 Nf6 2. Nc3 e6 3. d4 c5 4. d5 exd5 5. cxd5 d6 6. e4 g6 7. Nf3 Bg7 8. Be2
O-O 9. O-O Re8 10. Qc2 a6 11. a4 b6 12. Re1 Nbd7 13. Bf4 Qc7 14. h3 Bb7 15.
Rad1 Nh5 16. Bh2 c4 17. Nd2 Bxc3 18. bxc3 b5 19. Bxh5 gxh5 20. Nf1 Ne5 21. Bxe5
Rxe5 22. Ng3 Rg5 23. Kh1 Kh8 24. Qd2 f6 25. axb5 axb5 26. Rb1 Qc5 27. Nf5 Re8
28. Qd4 Qxd4 29. Nxd4 f5 30. Nxf5 Bxd5 31. h4 Rxf5 32. exf5 Rg8 33. f3 Bc6 34.
Re6 Bd7 35. Rxd6 Bxf5 36. Rxb5 Bd3 37. Rxh5 Re8 38. Rhd5 Re1+ 39. Kh2 Rc1 40.
Rxd3 cxd3 41. Rxd3 1-0

[Event "III Trofeo Giovanni Pico"]
[Site "Mirandola ITA"]
[Date "2010.01.16"]
[Round "3"]
[White "Soppelsa, Maurizio"]
[Black "Bolognesi, Alberto"]
[Result "0-1"]
[WhiteElo "1622"]
[BlackElo "1903"]
[PlyCount "50"]
[EventDate "2010.01.15"]

1. Nf3 d5 2. d4 Nf6 3. e3 g6 4. b3 Bg7 5. Ba3 O-O 6. Bd3 Re8 7. O-O Nbd7 8. c3
e5 9. dxe5 Ng4 10. Qc2 Ngxe5 11. Nxe5 Nxe5 12. Be2 Bf5 13. Qd2 c6 14. Bb2 Qh4
15. f3 Bh6 16. f4 Ng4 17. Bxg4 Qxg4 18. Na3 Bf8 19. Rae1 Rad8 20. Nc2 Bc5 21.
h3 Qh4 22. Kh2 g5 23. a4 Bxc2 24. Qxc2 gxf4 25. exf4 Rxe1 0-1

[Event "III Trofeo Giovanni Pico"]
[Site "Mirandola ITA"]
[Date "2010.01.16"]
[Round "3"]
[White "Vincenzi, Marco"]
[Black "Ricci, Alfredo"]
[Result "1/2-1/2"]
[WhiteElo "2042"]
[BlackElo "1967"]
[PlyCount "101"]
[EventDate "2010.01.15"]

1. e4 e6 2. d4 d5 3. Nc3 Nf6 4. e5 Nfd7 5. f4 c5 6. Nf3 a6 7. Be3 Nc6 8. Qd2 b5
9. g3 Be7 10. Bg2 Bb7 11. O-O O-O 12. Rad1 Rc8 13. Ne2 cxd4 14. Nexd4 Nxd4 15.
Nxd4 Re8 16. f5 Nxe5 17. fxe6 f6 18. c3 Nc4 19. Qe2 Nxe3 20. Qxe3 Bc5 21. Rfe1
Rc6 22. Kh1 Bxd4 23. e7 Bxe3 24. exd8=Q Rxd8 25. Rxe3 Rcd6 26. Red3 Kf7 27. Kg1
f5 28. Kf2 Kf6 29. Rd4 g5 30. h4 h6 31. hxg5+ hxg5 32. R1d2 Ke6 33. Re2+ Kf6
34. Red2 a5 35. a3 a4 36. Rb4 Bc6 37. Rbd4 g4 38. Rd1 R8d7 39. R1d2 Re6 40.
Bxd5 Bxd5 41. Rxd5 Rxd5 42. Rxd5 Re5 43. Rd4 Ke6 44. c4 Rc5 45. cxb5 Rc2+ 46.
Ke3 Rg2 47. Kf4 Rf2+ 48. Kg5 Rxb2 49. Rxa4 Rxb5 50. Rf4 Rb3 51. Rxf5 1/2-1/2

[Event "III Trofeo Giovanni Pico"]
[Site "Mirandola ITA"]
[Date "2010.01.16"]
[Round "3"]
[White "Zuccaro, Guido"]
[Black "Guaragno, Michele"]
[Result "0-1"]
[WhiteElo "1768"]
[BlackElo "1978"]
[PlyCount "100"]
[EventDate "2010.01.15"]

1. c4 e5 2. Nc3 Nc6 3. g3 d6 4. Bg2 Bd7 5. Rb1 a5 6. d3 Be7 7. e4 Nf6 8. Nge2
O-O 9. O-O Qc8 10. d4 exd4 11. Nxd4 Nxd4 12. Qxd4 Bh3 13. b3 Bxg2 14. Kxg2 c6
15. Bb2 Qe6 16. f4 Rfd8 17. Rbe1 Bf8 18. Re2 Nd7 19. Rd1 Qg6 20. Qe3 Qe6 21.
Qf3 Nc5 22. Red2 a4 23. b4 Na6 24. b5 Nc5 25. Qe2 a3 26. Ba1 Re8 27. Re1 Na4
28. e5 dxe5 29. Nxa4 Rxa4 30. bxc6 Qxc6+ 31. Qe4 Rxc4 32. Qxc6 Rxc6 33. fxe5
Rec8 34. Red1 b5 35. Rb1 b4 36. Re2 Rc2 37. Rbe1 Rc1 38. Kf2 Rxe1 39. Rxe1 Rc2+
40. Re2 Bc5+ 41. Kf1 Rc1+ 42. Re1 Rxe1+ 43. Kxe1 Kf8 44. Kd2 Ke7 45. Kd3 Ke6
46. Ke4 h5 47. h3 g5 48. g4 h4 49. Kd3 Kd5 50. Ke2 Bd4 0-1

[Event "III Trofeo Giovanni Pico"]
[Site "Mirandola ITA"]
[Date "2010.01.16"]
[Round "4"]
[White "Andreolini, Mauro"]
[Black "Pinna, Ferdinando"]
[Result "1-0"]
[WhiteElo "2144"]
[BlackElo "1852"]
[PlyCount "103"]
[EventDate "2010.01.15"]

1. c4 Nf6 2. Nc3 g6 3. e4 d6 4. g3 c5 5. Bg2 Bg7 6. Nge2 Nc6 7. O-O O-O 8. d3
Bd7 9. h3 Qc8 10. Kh2 h6 11. Be3 Be6 12. Qd2 Kh7 13. Nf4 Rb8 14. Nxe6 Qxe6 15.
f4 a6 16. a4 Qd7 17. Qf2 Ne8 18. Bf3 Nd4 19. Bg4 Qd8 20. f5 g5 21. h4 gxh4 22.
gxh4 Be5+ 23. Kh3 Nf6 24. Rg1 Rg8 25. Nd5 Nxg4 26. Rxg4 Rxg4 27. Kxg4 Qd7 28.
Kh3 Rg8 29. Rg1 Rxg1 30. Qxg1 e6 31. Bxd4 Bxd4 32. Qxd4 exd5 33. Qxd5 Qe7 34.
Kg4 Kg7 35. d4 cxd4 36. Qxd4+ Kh7 37. b4 f6 38. Qd5 Qg7+ 39. Kh3 h5 40. Qd1 Kh6
41. Qd2+ Kh7 42. Qg2 Qf7 43. Qg3 Qe8 44. b5 axb5 45. cxb5 Qxe4 46. Qg6+ Kh8 47.
Qxf6+ Kg8 48. Qg6+ Kf8 49. Qxd6+ Kg7 50. Qg6+ Kf8 51. Qf6+ Ke8 52. Qe6+ 1-0

[Event "III Trofeo Giovanni Pico"]
[Site "Mirandola ITA"]
[Date "2010.01.16"]
[Round "4"]
[White "Balboni, Lamberto"]
[Black "Lucchi, Lorenzo"]
[Result "0-1"]
[WhiteElo "1890"]
[BlackElo "2073"]
[PlyCount "96"]
[EventDate "2010.01.15"]

1. e4 d6 2. d4 g6 3. Nc3 Bg7 4. f4 Nd7 5. Nf3 e6 6. Bd3 Ne7 7. Be3 O-O 8. Qd2
a6 9. g4 b5 10. f5 exf5 11. gxf5 Bb7 12. Bh6 Nxf5 13. Bxg7 Kxg7 14. O-O-O c5
15. Be2 cxd4 16. Nxd4 Nxd4 17. Qxd4+ Qf6 18. Qxd6 Qxd6 19. Rxd6 Nf6 20. Rd4
Rfe8 21. Bf3 Re5 22. Nd5 Rae8 23. Nxf6 Kxf6 24. Rf1 Kg7 25. Rd7 R8e7 26. Rd6
R5e6 27. Rfd1 Rxd6 28. Rxd6 Bxe4 29. Bxe4 Rxe4 30. Rxa6 Re1+ 31. Kd2 Rh1 32.
Rb6 Rxh2+ 33. Kd3 h5 34. Rxb5 h4 35. a4 h3 36. a5 Rg2 37. Rb4 g5 38. a6 h2 39.
a7 h1=Q 40. Rb8 Rg3+ 41. Kc4 Qe4+ 42. Kb5 Qxc2 43. a8=Q Qxb2+ 44. Kc5 Rc3+ 45.
Kd5 Qd2+ 46. Ke4 Re3+ 47. Kf5 Qf2+ 48. Kg4 Qh4+ 0-1

[Event "III Trofeo Giovanni Pico"]
[Site "Mirandola ITA"]
[Date "2010.01.16"]
[Round "4"]
[White "Bolognesi, Alberto"]
[Black "Malago', Federico"]
[Result "0-1"]
[WhiteElo "1903"]
[BlackElo "1440"]
[PlyCount "88"]
[EventDate "2010.01.15"]

1. e4 e6 2. d4 d5 3. Nd2 dxe4 4. Nxe4 Nf6 5. Bd3 c6 6. Nf3 Nxe4 7. Bxe4 Bd6 8.
O-O Nd7 9. c4 Nf6 10. Bc2 h6 11. Qe2 b6 12. Ne5 Bb7 13. f4 Qc7 14. Bd2 O-O-O
15. b4 h5 16. a4 Bxe5 17. fxe5 Ng4 18. Bc3 f6 19. h3 f5 20. c5 g5 21. hxg4 hxg4
22. Kf2 Rh5 23. Rh1 Rdh8 24. Rxh5 Rxh5 25. Rf1 Qd7 26. Ke1 Qd5 27. Rg1 g3 28.
Kd2 Kc7 29. Qf1 Rh4 30. Qd3 Bc8 31. Qxg3 Rxd4+ 32. Bxd4 Qxd4+ 33. Qd3 Qxg1 34.
Qd6+ Kb7 35. Qe7+ Ka8 36. Qxg5 Qd4+ 37. Kc1 bxc5 38. Qg8 Kb8 39. b5 cxb5 40.
axb5 Qxe5 41. Qf7 c4 42. Qe8 c3 43. Kb1 Qe1+ 44. Ka2 Qc1 0-1

[Event "III Trofeo Giovanni Pico"]
[Site "Mirandola ITA"]
[Date "2010.01.16"]
[Round "4"]
[White "Calavalle, Giulio"]
[Black "Vincenzi, Marco"]
[Result "1-0"]
[WhiteElo "2263"]
[BlackElo "2042"]
[PlyCount "85"]
[EventDate "2010.01.15"]

1. e4 e5 2. Bc4 Nf6 3. Nc3 Nc6 4. d3 Na5 5. Nge2 Nxc4 6. dxc4 d6 7. O-O Be7 8.
Ng3 c6 9. b3 O-O 10. Qd3 Qc7 11. h3 Be6 12. Qf3 Rfd8 13. Rd1 Rd7 14. Nf5 Bxf5
15. Qxf5 Rad8 16. Bg5 g6 17. Qf3 Kg7 18. Rd3 h6 19. Bxf6+ Bxf6 20. Rad1 a5 21.
a4 Qb6 22. Ne2 Qc5 23. Ng3 h5 24. R1d2 Bg5 25. Rd1 Bf6 26. Nxh5+ gxh5 27. Qf5
Bh4 28. g3 Be7 29. Qxh5 f6 30. Qf5 d5 31. h4 Qd6 32. cxd5 c5 33. f4 Rh8 34. g4
Rh6 35. Rf3 Rd8 36. Rdf1 Rf8 37. h5 b6 38. Kg2 Kh8 39. fxe5 fxe5 40. Qxf8+ Bxf8
41. Rxf8+ Qxf8 42. Rxf8+ Kg7 43. Rf5 1-0

[Event "III Trofeo Giovanni Pico"]
[Site "Mirandola ITA"]
[Date "2010.01.16"]
[Round "4"]
[White "Camerini, Lorenzo"]
[Black "Malfagia, Andrea"]
[Result "0-1"]
[WhiteElo "2066"]
[BlackElo "2286"]
[PlyCount "62"]
[EventDate "2010.01.15"]

1. d4 Nf6 2. Nc3 d5 3. Bg5 Bf5 4. Bxf6 exf6 5. e3 c6 6. Bd3 Qd7 7. Nge2 Bd6 8.
Ng3 Bg6 9. Qf3 Bxd3 10. cxd3 Na6 11. a3 Nc7 12. Nh5 Ne6 13. Qg4 O-O-O 14. g3
Kb8 15. Ne2 g6 16. Nhf4 Nxf4 17. Qxd7 Ng2+ 18. Kd2 Rxd7 19. e4 dxe4 20. dxe4
Re8 21. Kd3 f5 22. f3 fxe4+ 23. fxe4 f5 24. Nc3 f4 25. Rhg1 Ne3 26. gxf4 Bxf4
27. Rae1 c5 28. d5 c4+ 29. Ke2 Nxd5 30. Nxd5 Rxd5 31. Kf3 Bd2 0-1

[Event "III Trofeo Giovanni Pico"]
[Site "Mirandola ITA"]
[Date "2010.01.16"]
[Round "4"]
[White "Carbone, Lorenzo"]
[Black "Raisi, Michele"]
[Result "1-0"]
[WhiteElo "1751"]
[BlackElo "1501"]
[PlyCount "82"]
[EventDate "2010.01.15"]

1. e4 e5 2. Nf3 Nc6 3. Bb5 a6 4. Ba4 Nf6 5. O-O Be7 6. Re1 d6 7. h3 b5 8. Bb3
Na5 9. c3 Nxb3 10. Qxb3 O-O 11. d4 Bd7 12. dxe5 dxe5 13. Nxe5 Be6 14. Qc2 Qc8
15. Qd3 Bd6 16. Bf4 Rd8 17. Qf3 c5 18. Na3 Rb8 19. Rad1 Bxa2 20. Rd2 Rb6 21.
Nc2 Bxe5 22. Rxd8+ Qxd8 23. Bxe5 Qe7 24. Bf4 Re6 25. e5 Bd5 26. Qd1 Bb3 27.
exf6 Rxe1+ 28. Qxe1 Qxe1+ 29. Nxe1 gxf6 30. Nd3 c4 31. Nc5 a5 32. Nb7 b4 33.
Nxa5 bxc3 34. bxc3 Kg7 35. Kf1 Kg6 36. Ke2 Kf5 37. Ke3 Ke6 38. Kd4 Kf5 39. g3
h5 40. h4 Kg4 41. Nxb3 Kf3 1-0

[Event "III Trofeo Giovanni Pico"]
[Site "Mirandola ITA"]
[Date "2010.01.16"]
[Round "4"]
[White "Castelli, Antonio"]
[Black "Santamato, Luigi"]
[Result "0-1"]
[WhiteElo "1729"]
[BlackElo "1563"]
[PlyCount "112"]
[EventDate "2010.01.15"]

1. e4 c6 2. b3 d5 3. exd5 cxd5 4. d4 Nf6 5. Nf3 Bg4 6. Be2 e6 7. O-O Nc6 8. c3
Ne4 9. Nfd2 Bxe2 10. Qxe2 Nf6 11. Re1 Bd6 12. Ba3 a6 13. Bxd6 Qxd6 14. Nf1 Rc8
15. Ng3 O-O 16. Nd2 Qa3 17. Nf3 Na7 18. Rac1 b5 19. h4 Rc7 20. Rc2 Rfc8 21.
Rec1 h6 22. c4 bxc4 23. bxc4 dxc4 24. Rxc4 Rxc4 25. Rxc4 Rxc4 26. Qxc4 Nd5 27.
Ne5 Qa5 28. Qb3 Nb5 29. h5 Qb4 30. Nc6 Qxb3 31. axb3 Nf4 32. b4 Kf8 33. Kf1 Ke8
34. Ne4 Nxh5 35. Nc5 Nc7 36. Nb8 Nf4 37. Nbxa6 Nxa6 38. Nxa6 Nd5 39. Ke2 Kd7
40. b5 Nc3+ 41. Kd3 Nxb5 42. Nc5+ Ke7 43. Ke4 Kd6 44. f4 f5+ 45. Ke3 Kd5 46.
Nb3 g5 47. fxg5 hxg5 48. g3 Kc4 49. Nd2+ Kc3 50. Nf3 g4 51. d5 exd5 52. Nh4 d4+
53. Kf4 Nd6 54. Ke5 d3 55. Ng2 d2 56. Ne3 Nc4+ 0-1

[Event "III Trofeo Giovanni Pico"]
[Site "Mirandola ITA"]
[Date "2010.01.16"]
[Round "4"]
[White "Cocuzzi, Edoardo"]
[Black "Menini, Luca"]
[Result "1/2-1/2"]
[WhiteElo "1990"]
[BlackElo "1681"]
[PlyCount "114"]
[EventDate "2010.01.15"]

1. e4 e6 2. d4 d5 3. exd5 exd5 4. Bd3 Bd6 5. h3 Nf6 6. Nf3 h6 7. Be3 b6 8. c3
O-O 9. Qc1 Re8 10. O-O Ba6 11. Bxa6 Nxa6 12. Qd1 Nb8 13. Nh2 Nbd7 14. Nd2 c6
15. Ng4 Nxg4 16. Qxg4 Nf6 17. Qf3 Re6 18. Rae1 Qd7 19. Qd1 Rae8 20. Nf3 Ne4 21.
Bc1 Qd8 22. Qa4 a5 23. Qc2 Rg6 24. Re2 Rge6 25. Rfe1 b5 26. Nd2 Nxd2 27. Qxd2
Rxe2 28. Rxe2 Rxe2 29. Qxe2 Qe7 30. Qxe7 Bxe7 31. b3 a4 32. bxa4 bxa4 33. Kf1
f5 34. Ke2 Kf7 35. Kd3 Ke6 36. c4 h5 37. c5 g5 38. g3 g4 39. h4 Bd8 40. Bd2 Kd7
41. Kc2 Bf6 42. Kd3 Ke6 43. Bf4 Bd8 44. Be5 Ba5 45. Ke3 Bb4 46. Bf4 Ba5 47. Kd3
Kd7 48. Bd2 Bd8 49. Kc2 Bf6 50. Bc3 f4 51. Kd3 Ke6 52. Bd2 fxg3 53. fxg3 Kf5
54. Ke3 Bg7 55. Be1 Bf6 56. Bf2 Be7 57. Kd3 Bf6 1/2-1/2